000 00999cam a22002777a 4500
001 13191681
003 NUST - PNEC
005 20170116180953.0
008 030509s2003 nyua 001 0 eng
010 _a 2003535427
020 _a0471228281
040 _cLIBRARY
082 0 0 _a621.3815 COM
100 1 _aComer, David J.
245 1 0 _aAdvanced electronic circuit design
_cDavid J. Comer, Donald T. Comer.
260 _a[New York, NY] :
_bJohn Wiley & Sons,
_cc2003.
300 _axi, 506 p. :
_bill. ;
_c26 cm.
500 _aIncludes index.
650 0 _aElectronic circuit design.
_xEL
700 1 _aComer, Donald.
856 4 2 _3Publisher description
_uhttp://www.loc.gov/catdir/description/wiley037/2003535427.html
856 4 1 _3Table of contents
_uhttp://www.loc.gov/catdir/toc/wiley032/2003535427.html
906 _a7
_bcbc
_ccopycat
_d3
_encip
_f20
_gy-gencatlg
942 _2ddc
_cBK
999 _c66493
_d66493